| 000 | 01278nam a2200301Ia 4500 | ||
|---|---|---|---|
| 000 | nam a22 i 4500 | ||
| 001 | UNACH-11487 | ||
| 007 | ta | ||
| 008 | 221212s ||||fr|||| 00| | spa d | ||
| 020 | _a978-9978-671-14-6 | ||
| 041 | 0 | _aspa | |
| 082 | 0 | 4 |
_a050 _bPublicaciones seriadas generales |
| 100 | 1 |
_aCarrión M., Fernando, _eautor |
|
| 245 | 1 | 0 |
_aÁREA DE CANDELA : _bFútbol de literatura |
| 250 | _a1 ed. | ||
| 264 | 3 | 1 |
_a[Quito] : _aEcuador : _bFlacso, _c2006 |
| 300 |
_a237 páginas : _bimágenes |
||
| 336 |
_atexto _btxt _2rdacontent |
||
| 337 |
_ano mediado _bn _2rdamedia |
||
| 338 |
_avolumen _bnc _2rdacarrier |
||
| 504 | _aIncluye: índice | ||
| 505 | 0 | _a1.- Y el árbitro dijo.-- Toda cancha pasada fue mejor.-- 2.- Área de candela.-- Una pelota, un sueño y diez centavos.-- Segundo tiempo.-- Cuando me gustaba el fútbol.-- La barra brava.-- Fotografía de spencer en la peluquería.-- El crack.-- 4.- Fuera de juego (despejando al viento).-- El barrio el batán y su estadio olimpico Atahualpa.-- Qué es el mundial sin Maradona.-- 5.- Pitazo final.-- Se busca un 10 para una pichanga de ángeles. | |
| 650 | 1 | 4 | _aASPECTOS GENERALES |
| 650 | 2 | 4 | _aCONDICIONES GENERALES |
| 650 | 2 | 4 | _aDISPOSICIONES GENERALES |
| 942 |
_2ddc _c1 _n0 |
||
| 999 |
_c8940 _d8940 |
||